00579nam a2200193Ia 4500003000400000005001700004008004100021040000700062041000800069082001600077100002800093245003700121260003700158300000800195650002000203942001300223999001900236952013000255OSt20260505125322.0250729s2010 xx 000 0 und d cAL akan a494.50 PARK aPrakashBhandage9231051 aKranthikari shubhashchandra bose aGadagbMaruthi Book Centerc2010 a64p aKannada9231052 2ddccBED c239088d239088 00104070aALbALd2025-07-29eManagement Booksg10.00l0o494.50 PARKpBED04407r2025-07-29 16:57:15v10.00w2025-07-29yBK